Statystyki dla Najzimniejsze stolice na świecie

Kliknij tutaj aby rozwiązać quiz!

Ogólne statystyki

  • Ten quiz został rozwiązany 59 razy
  • Średni wynik to 16 z 20

Statystyki odpowiedzi

°CStolicaKraj% Poprawnych
5.7OsloNorwegia
98%
5.8MoskwaRosja
98%
6.6SztokholmSzwecja
97%
8.5WarszawaPolska
95%
8.2KopenhagaDania
93%
5.9HelsinkiFinlandia
90%
5.9TallinnEstonia
90%
6.0WilnoLitwa
88%
6.1RygaŁotwa
88%
6.7MińskBiałoruś
88%
6.6OttawaKanada
86%
4.3ReykjavíkIslandia
84%
9.7BerlinNiemcy
83%
8.4KijówUkraina
83%
-0.4Ułan BatorMongolia
72%
8.4PragaCzechy
69%
3.5Nur-SultanKazachstan
67%
8.8BernoSzwajcaria
43%
9.3LuksemburgLuksemburg
26%
8.8La PazBoliwia
24%

Rozkład punktacji

Percentyl według liczby udzielonych odpowiedzi

Procent ludzi z każdym wynikiem

Twoja historia wyników

Nie rozwiązałeś tego quizu